01295 2200241 4500001002100000005001500021035002000036008004100056020001800097041000800115082001500123084002100138100001900159700003600178245010400214250001100318260002900329300003000358520060100388650002200989990001601011990002601027INLIS00000000000503120241018030843 a0010-0520005031241018 | | ind  a979-9481-18-X aind a615.851.20 a615.851.20 CHO q0 aChopra, Deepak0 aPenerjemah Lala Herawati Dharma1 aQuantum Healing (Penyembuhan Quantum) :bMenjelajah Dunia Pengolahan Pikiran Tubuh /cDeepak Chopra aCet.1. aBandung :bNuansa,c2002 a303 hlm. ; 23 cm ;c23 cm aChopra menerangkan bahwa tubuh manusia dikendalikan jaringan kecerdasan yang bersumber dari realitas quantum. sebagai bagian dari kondisi psikologi manusia terdalam, bentuk kecerdasan ini amat mengakar sehingga bisa mengubah pola-pola dasar yang merancang sistem fisiologi tubuh manusia. Lewat perubahan tersebut, manusia berpotensi untuk mengalahkan ancaman kanker, penyakit jantung, bahkan penuaan. Dalam merintis penelitian spektakulernya, Chopra menawarkan pada kita sebuah pengembaraan intelektual yang sangat menyentuh mengenai harapan hidup, kesembuhan, dan kesehatan manusia secara total. 4a1. Mental Healing a00000000026 a07223/MKRI-P/XII-2007